| 000 | 00414nam a2200145Ia 4500 | ||
|---|---|---|---|
| 008 | 230917s9999||||xx |||||||||||||| ||und|| | ||
| 040 |
_e107076 _aMAIN |
||
| 041 | _aEnglish | ||
| 082 | _a954.5 F238B | ||
| 100 | _aFaroogi, Mian Bashir Ahmed | ||
| 245 | 0 | _aBritish relations with the cis-sutley states | |
| 260 |
_aNew Delhi _bNirmal Publishers & Distributors _c1986 |
||
| 300 | _a58p p. + Appendix | ||
| 942 | _cBK | ||
| 999 |
_c121998 _d121998 |
||